Представление документа в формате MARC21

Поле Инд. ПП Название Значение
Тип записи a
Библиографический уровень m
001 Контрольный номер 76a40eed-1114-49b9-ab80-7c25dc29b8aa
005 Дата корректировки 20131112174938.9
008 Кодируемые данные 060607s1983 rur a 000u 0rus d
017 a Номер государственной регистрации 83-48008
b Организация, присвоившая номер RuMoRKP
2 Источник номера ЛГР
020 c Цена, тираж 40 к.
040 a Служба первич. каталог. RuMoRKP
041 00 a Код языка текста rus
080 00 a Индекс УДК 797.21
084 a Индекс другой классификации/Индекс ББК 75.717.5
090 x Авторский знак К647
100 _0 a Автор Коновалов Евгений Дмитриевич
245 a Заглавие Ты - сильнее воды
c Ответственность Е. Коновалов
260 a Место издания Москва
b Издательство Молодая гвардия
c Дата издания 1983
300 a Объем 127 с.
b Иллюстрации/ тип воспроизводства ил.
c Размеры 16 см
650 a Основная рубрика Плавание